Normas de seguridad contra incendios en edificios residenciales y de oficinas
Guardado en:
| Autor principal: | |
|---|---|
| Formato: | Libro |
| Publicado: |
[San José , Costa Rica]
1985
|
| Materias: | |
| Etiquetas: |
Agregar Etiqueta
Sin Etiquetas, Sea el primero en etiquetar este registro!
|
MARC
| LEADER | 00000nam a2200000Ia 4500 | ||
|---|---|---|---|
| 003 | 002778 | ||
| 005 | 20221231144404.0 | ||
| 008 | 140114s1985 cr a m 000 ||s d | ||
| 040 | |c cru CEDI | ||
| 090 | |a TFG 1649 | ||
| 100 | |a Meza Solano, Marco Tulio |9 14626 | ||
| 245 | |a Normas de seguridad contra incendios en edificios residenciales y de oficinas | ||
| 260 | |c 1985 |a [San José , Costa Rica] | ||
| 300 | |a 223 hojas ; 28 cm | ||
| 500 | |a Proyecto de graduación (ingeniero civil)-- Universidad de Costa Rica. Facultad de Ingeniería. Escuela de Ingeniería Civil | ||
| 650 | |x INCENDIOS - MEDIDAS DE SEGURIDAD |x EDIFICIOS - MEDIDAS DE SEGURIDAD |9 14627 | ||
| 942 | |c TFG | ||
| 999 | |c 21156 |d 21156 | ||
